000 00537nam a22002057a 4500
003 URS
005 20250828100454.0
008 250331b ||||| |||| 00| 0 eng d
040 _cURS
050 _aLB1051
_b.K299 1965
100 _911897
_aKelly, William Anthony
245 _aEducational Psychology
264 _aBruce
_bMilwaukee
_c©1965
300 _a565 pages.,:
336 _2rdacontent
_atext
337 _2rdamedia
_aunmediated
338 _2rdacarrier
_avolume
650 0 _91801
_aEducational psychology
942 _2lcc
_cCR
999 _c84725
_d84723